00791 a2200217 4500010001400000020002300014035001300037037001500050082001200065090001700077100001900094245006100113260005900174260000700233270008100240300003200321500004100353942002500394999001700419952013700436 aENG-89357 a8186722076c545.00 aEN-72890 bDBAD / PUB14a304.668 c10806d108061 aJain, Ashok K.1 aThe saga of female foeticide in lndia/cby Ashok K. Jain aDelhibSocio Legal Offshoots,Ascent Publicationsc2006 bt) a21/29, Shakti Nagar,bDelhicDelhie110007k23847953mascentlawpub@yahoo.com axxiii, 214 p.c21 cm ( Hb.) aIncludes bibliographical references adplcENk304.668/JAI c10507d10507 00102ddc40718NFICaDBADbDBADeDBAD/PUBg545.00l0o304.668 JAIpEN-72890r2008-09-15 00:00:00t1u11571v545.00w2008-09-15yEN